Redacción y estilo
Guardat en:
| Autor principal: | |
|---|---|
| Format: | Llibre |
| Idioma: | Undetermined |
| Publicat: |
Barcelona
Bibliograf
1977
|
| Edició: | 3 |
| Matèries: | |
| Etiquetes: |
Afegir etiqueta
Sense etiquetes, Sigues el primer a etiquetar aquest registre!
|
MARC
| LEADER | 00000nam a2200000Ia 4500 | ||
|---|---|---|---|
| 008 | 170316s9999 xx 000 0 und d | ||
| 090 | |a 415-E C-5r | ||
| 100 | |a Coll, Vinent et al. | ||
| 245 | |a Redacción y estilo | ||
| 250 | |a 3 | ||
| 260 | |a Barcelona | ||
| 260 | |b Bibliograf | ||
| 260 | |c 1977 | ||
| 300 | |a 73 páginas | ||
| 650 | |a GRAMÁTICA ESPAÑOLA | ||
| 999 | |c 18939 |d 18939 | ||
| 040 | |a cru BVZT | ||
| 942 | |c 15 D |h 415-E C-5r |2 z | ||
